O:\Users\Isabelle LeGouic (notice n° 1610748)

détails MARC
000 -LEADER
fixed length control field 00974cam a2200229 4500500
005 - DATE AND TIME OF LATEST TRANSACTION
control field 20260104093807.0
041 ## - LANGUAGE CODE
Language code of text/sound track or separate title fre
042 ## - AUTHENTICATION CODE
Authentication code dc
100 10 - MAIN ENTRY--PERSONAL NAME
Personal name Le Gouic, Isabelle
Relator term author
245 00 - TITLE STATEMENT
Title O:\Users\Isabelle LeGouic
260 ## - PUBLICATION, DISTRIBUTION, ETC.
Date of publication, distribution, etc. 2023.<br/>
500 ## - GENERAL NOTE
General note 81
520 ## - SUMMARY, ETC.
Summary, etc. Numérique inquiétant, numérique créatif, l’auteure nous fait part de ses utilisations de l’ordinateur : de la vidéo artistique à ses démarches administratives. Une fois l’outil apprivoisé, les inhibitions dépassées, il peut servir ou desservir l’humain selon l’usage, y compris dans des moments de confinement.
690 ## - LOCAL SUBJECT ADDED ENTRY--TOPICAL TERM (OCLC, RLIN)
Topical term or geographic name as entry element création
690 ## - LOCAL SUBJECT ADDED ENTRY--TOPICAL TERM (OCLC, RLIN)
Topical term or geographic name as entry element méfiance
690 ## - LOCAL SUBJECT ADDED ENTRY--TOPICAL TERM (OCLC, RLIN)
Topical term or geographic name as entry element numérique
690 ## - LOCAL SUBJECT ADDED ENTRY--TOPICAL TERM (OCLC, RLIN)
Topical term or geographic name as entry element Ordinateur
690 ## - LOCAL SUBJECT ADDED ENTRY--TOPICAL TERM (OCLC, RLIN)
Topical term or geographic name as entry element risques
690 ## - LOCAL SUBJECT ADDED ENTRY--TOPICAL TERM (OCLC, RLIN)
Topical term or geographic name as entry element vidéo
786 0# - DATA SOURCE ENTRY
Note VST - Vie sociale et traitements | 157 | 1 | 2023-02-21 | p. 26-28 | 0396-8669
856 41 - ELECTRONIC LOCATION AND ACCESS
Uniform Resource Identifier <a href="https://shs.cairn.info/revue-vie-sociale-et-traitements-2023-1-page-26?lang=fr&redirect-ssocas=7080">https://shs.cairn.info/revue-vie-sociale-et-traitements-2023-1-page-26?lang=fr&redirect-ssocas=7080</a>

Pas d'exemplaire disponible.

PLUDOC

PLUDOC est la plateforme unique et centralisée de gestion des bibliothèques physiques et numériques de Guinée administré par le CEDUST. Elle est la plus grande base de données de ressources documentaires pour les Étudiants, Enseignants chercheurs et Chercheurs de Guinée.

Adresse

627 919 101/664 919 101

25 boulevard du commerce
Kaloum, Conakry, Guinée

Réseaux sociaux

Powered by Netsen Group @ 2025